000
00250nam a2200097Ia 4500
001
1162559
005
20250827011646.0
008
250824s9999 xx 000 0 und d
245
0
_a
UZAYIN DERİN KARANLIĞI
_c
BARIŞ TOPRAK
260
_b
FİHRİST KİTAP
999
_c
1162559
_d
1162559